| Tag |
First Indicator |
Second Indicator |
Subfields |
| LEADER |
00000cam a2200000Ia 4500 |
| 001 |
in00002470121 |
| 005 |
20210727085407.0 |
| 006 |
m d |
| 007 |
cr cn||||||||| |
| 008 |
081017m20069999sz a sb 001 0 eng d |
| 020 |
|
|
|a 3764374233
|
| 020 |
|
|
|a 9783764374235
|
| 035 |
|
|
|a (OCoLC)262693962
|
| 035 |
|
|
|a (OCoLC)ocn262693962
|
| 035 |
|
|
|a 3073600
|
| 037 |
|
|
|a 978-3-7643-6825-8
|b Springer
|n http://www.springerlink.com
|
| 040 |
|
|
|a GW5XE
|b eng
|c GW5XE
|d UtOrBLW
|
| 049 |
|
|
|a TEFA
|
| 050 |
1 |
4 |
|a QR185.8.C45
|b C464 2006eb
|
| 060 |
1 |
4 |
|a 2006 K-378
|
| 060 |
1 |
4 |
|a QW 568
|b C5153 2006
|
| 082 |
0 |
4 |
|a 616.07/9
|2 22
|
| 245 |
0 |
0 |
|a Chemokine biology :
|b basic research and clinical application.
|
| 264 |
|
1 |
|a Basel ;
|a Boston :
|b Birkhäuser,
|c [2006-]
|
| 264 |
|
4 |
|c ©2006-
|
| 300 |
|
|
|a volumes <1> :
|b illustrations (some color) ;
|c 24 cm.
|
| 336 |
|
|
|a text
|b txt
|2 rdacontent
|
| 337 |
|
|
|a computer
|b c
|2 rdamedia
|
| 338 |
|
|
|a online resource
|b cr
|2 rdacarrier
|
| 490 |
1 |
|
|a Progress in inflammation research
|
| 500 |
|
|
|a Electronic resource.
|
| 504 |
|
|
|a Includes bibliographical references and index.
|
| 505 |
0 |
|
|a v. 1. Immunology of chemokines / Bernhard Moser, Gordon Letts, Kuldeep Neote (editors) -- v. 2. Pathology and pharmacology / K. Neote, G.L. Letts, B. Moser (editors).
|
| 533 |
|
|
|a Electronic reproduction.
|b New York :
|c Springer,
|d 2008.
|n Mode of access: World Wide Web.
|n System requirements: Web browser.
|n Title from title screen (viewed on Oct. 10, 2008).
|n Access may be restricted to users at subscribing institutions.
|
| 650 |
1 |
2 |
|a Chemokines.
|0 https://id.nlm.nih.gov/mesh/D018925
|
| 650 |
2 |
2 |
|a Receptors, Chemokine.
|0 https://id.nlm.nih.gov/mesh/D019707
|
| 650 |
|
0 |
|a Chemokines.
|0 http://id.loc.gov/authorities/subjects/sh94002232
|
| 655 |
|
7 |
|a Electronic books.
|2 local
|
| 700 |
1 |
|
|a Letts, Gordon L.
|0 http://id.loc.gov/authorities/names/n2005184218
|
| 700 |
1 |
|
|a Moser, Bernhard,
|d 1956-
|0 http://id.loc.gov/authorities/names/n2005184217
|
| 700 |
1 |
|
|a Neote, Kuldeep.
|0 http://id.loc.gov/authorities/names/n2005184219
|
| 710 |
2 |
|
|a SpringerLink (Online service)
|0 http://id.loc.gov/authorities/names/no2005046756
|
| 776 |
1 |
|
|c Original
|z 9783764371951
|z 3764371951
|z 376436825X
|z 9783764368258
|z 3764374233
|z 9783764374235
|z 9783764374372
|z 3764374373
|w (DLC) 2005053698
|w (OCoLC)62078264
|
| 830 |
|
0 |
|a PIR (Series)
|0 http://id.loc.gov/authorities/names/n98030914
|
| 856 |
4 |
0 |
|u http://proxy.library.tamu.edu/login?url=https://dx.doi.org/10.1007/3-7643-7423-3
|z Connect to the full text of this electronic book
|t 0
|
| 856 |
4 |
2 |
|3 Publisher description
|u http://www.loc.gov/catdir/enhancements/fy0663/2005053698-d.html
|t 0
|
| 994 |
|
|
|a C0
|b TEF
|
| 999 |
|
|
|a MARS
|
| 999 |
f |
f |
|s e2119e72-bac3-3f9b-97fe-131bed5e73fa
|i aeafa030-ba65-3a68-a3ab-bc685283591c
|t 0
|
| 952 |
f |
f |
|a Texas A&M University
|b College Station
|c Electronic Resources
|d Available Online
|t 0
|e QR185.8.C45 C464 2006eb
|h Library of Congress classification
|
| 998 |
f |
f |
|a QR185.8.C45 C464 2006eb
|t 0
|l Available Online
|